| 000 | 004190000a22001690004500 | ||
|---|---|---|---|
| 041 | 0 | _aSPA | |
| 082 | 0 | 4 | _aG 808.818 C2665s |
| 100 | 1 | _aCardenal, Ernesto | |
| 245 | 1 | 0 | _aSalmos / Ernesto Cardenal |
| 260 | _aBuenos Aires, Argentina : C. Lohlé | ||
| 300 | _a68 Pag | ||
| 001 | 10779 | ||
| 942 | _cBK | ||
| 999 |
_c40226 _d40226 |
||
| 336 |
_atexto _btxt _2rdacontent |
||
| 337 |
_2rdamedia _asin mediación _bn |
||
| 338 |
_2rdacarrier _avolumen _bnc |
||